Normal view
MARC view
- الشعر الديني - العصر العباسي
Entry Topical Term
001 - CONTROL NUMBER
- control field: 49173
003 - CONTROL NUMBER IDENTIFIER
- control field: JO-AjAnu
005 - DATE AND TIME OF LATEST TRANSACTION
- control field: 20230606082114.0
008 - FIXED-LENGTH DATA ELEMENTS
- fixed length control field: 230606|| aca||aabn | a|a d
040 ## - CATALOGING SOURCE
- Original cataloging agency: JO-AjAnu
- Transcribing agency: JO-AjAnu
150 ## - HEADING--TOPICAL TERM
- Topical term or geographic name entry element: الشعر الديني - العصر العباسي
670 ## - SOURCE DATA FOUND
- Source citation: Work cat.: (JO-AjAnu)25149: إعداد وتعليق وتقديم سليم، محمد إبراهيم , author 49172, ديوان الإمام الشافعي المسمى الجوهر النفيس في شعر الإمام محمد بن إدريس